000 00606nam a2200205Ii 4500
001 20341
003 CO-ViMGA
008 241108s9999||||xx |||||||||||||| ||und||
020 _a9789974710283
040 _aCO-ViMGA
_bspa
_erda
_cCO-ViMGA
041 0 _aspa
084 _aC UNI
245 1 0 _aEl unicornio volador asombrosas escenas tridimencionales
264 1 _aBeijing, China : Latinbooks Internacional, 2014
300 _avolumen
336 _atext
_btxt
_2rdacontent
337 _aunmediated
_bn
_2rdamedia
338 _avolume
_bnc
_2rdacarrier
940 _aidficha_siabuc: 19996. -- ficha_no_siabuc:20341
999 _c47575
_d47575